Southville International School and Colleges
Your cart is empty.
  • Cart
  • Lists
    Public lists Eva Luna New books Lux_list list_1
    Your lists Log in to create your own lists
  • Log in to your account
  • Your cookies
  • Search history
Southville International School and Colleges
  • Advanced search
  • Recent comments
  • Most popular
  • Libraries

Log in to your account

Log in with GOOGLE


If you do not have an external account, but do have a local account, you can still log in:

  1. Home
  2. MARC view: The Urian anthology, 1990-1999 :
Normal view MARC view ISBD view

The Urian anthology, 1990-1999 : (Record no. 39669)

[ view plain ]
MARC details
000 -LEADER
fixed length control field 00823nam a2200217 a 4500
005 - DATE AND TIME OF LATEST TRANSACTION
control field 20140311163035.0
008 - FIXED-LENGTH DATA ELEMENTS--GENERAL INFORMATION
fixed length control field 110125s19uu xx 00 eng d
020 ## - INTERNATIONAL STANDARD BOOK NUMBER
International Standard Book Number 9789715426473
050 ## - LIBRARY OF CONGRESS CALL NUMBER
Classification number PN 1993.5
Item number .P5 2010
245 ## - TITLE STATEMENT
Title The Urian anthology, 1990-1999 :
Remainder of title articles, reviews and intervies by the Manunuri ng pelikulang Pilipino on the Filipino Cinema 1990-1999 /
260 ## - PUBLICATION, DISTRIBUTION, ETC. (IMPRINT)
Place of publication, distribution, etc Quezon City :
Name of publisher, distributor, etc University of the Philippines Press,
Date of publication, distribution, etc 2010.
300 ## - PHYSICAL DESCRIPTION
Extent 562 p. :
Dimensions 31 cm.
521 ## - TARGET AUDIENCE NOTE
Target audience note
650 ## - SUBJECT ADDED ENTRY--TOPICAL TERM
Topical term or geographic name as entry element Motion pictures-Philippines-Review.
650 ## - SUBJECT ADDED ENTRY--TOPICAL TERM
Topical term or geographic name as entry element Motion picture plays-History and criticisms.
650 ## - SUBJECT ADDED ENTRY--TOPICAL TERM
Topical term or geographic name as entry element Motion pictures-Awards.
650 ## - SUBJECT ADDED ENTRY--TOPICAL TERM
Topical term or geographic name as entry element Motiom pictures film collection-Philippines.
700 ## - ADDED ENTRY--PERSONAL NAME
Personal name Introduced,compiled and edited by: Nicanor G. Tiongson
942 ## - ADDED ENTRY ELEMENTS (KOHA)
Koha item type Books
Source of classification or shelving scheme Library of Congress Classification
Call number prefix Local
Holdings
Withdrawn status Lost status Source of classification or shelving scheme Damaged status Home library Current library Shelving location Date acquired Source of acquisition Total Checkouts Total Renewals Full call number Barcode Date last seen Date checked out Copy number Price effective from Koha item type
    Library of Congress Classification   College Library College Library Filipiniana Section 01/25/2011   1 1 PN 1993.5.P5 .Ur76 2010 C12101 05/08/2018 01/13/2017 1 10/18/2013 Books

The Urian anthology, 1990-1999 :

APA

Introduced c. a. e. b. N. G. T., . (2010). The Urian anthology, 1990-1999. Quezon City: University of the Philippines Press.

Chicago

Introduced compiled and edited by Nicanor G Tiongson, . 2010. The Urian anthology, 1990-1999. Quezon City: University of the Philippines Press.

Harvard

Introduced c. a. e. b. N. G. T., . (2010). The Urian anthology, 1990-1999. Quezon City: University of the Philippines Press.

MLA

Introduced compiled and edited by Nicanor G Tiongson, . The Urian anthology, 1990-1999. Quezon City: University of the Philippines Press. 2010.

  • Place hold
  • Print
  • Cite
  • Add to your cart (remove)
  • Save record
    BIBTEX Dublin Core MARCXML MARC (non-Unicode/MARC-8) MARC (Unicode/UTF-8) MARC (Unicode/UTF-8, Standard) MODS (XML) RIS
  • More searches
    Search for this title in:
    Other Libraries (WorldCat) Other Databases (Google Scholar) Online Stores (Bookfinder.com) Open Library (openlibrary.org)

Exporting to Dublin Core...

SOUTHVILLE LIBRARY

Southville International School and Colleges Library

1281 Tropical Ave. Cor. Luxembourg St., BF Homes International, Las Pinas City

Tel. No. 8256374 / 252358 Loc. 117/146

Powered by Koha